German flute concertos

Korporativní autor: Pražský komorní orchestr
Další autoři: Meier, Bruno, 1949-, Tůma, Jaroslav, 1956-, Winter, Peter von, 1754-1825., Winter, Peter von, 1754-1825., Lachner, Franz Paul, 1803-1890., Rosetti, Antonio, 1750-1792., Hradil, Antonín
Vydáno: [S.l.] : Naxos Rights International, p2008
Témata:
Fyzický popis: 1 zvuková deska (80:04) : digital ; 12 cm + 1 brožura
Zvukové nahrávky
Uloženo v:
LEADER 02193njm a2200457 a 4500
001 000935788
003 CZ BrMZK
005 20210325083226.0
007 sd fsngnnmmned
008 090407s2008 xr con g ef d
024 3 |a 747313059379 
028 3 1 |a 8.570593  |b Naxos Rights International 
040 |a BOA001  |b cze 
041 0 |g eng 
048 |b wa01  |a oa01 
072 7 |a 785  |x Instrumentální hudba. Symfonická hudba. Hudba pro více nástrojů  |2 Konspekt  |9 9 
080 |a 788.5.082.4  |2 MRF 
080 |a (086.76)  |2 MRF 
245 0 0 |a German flute concertos  |h [zvukový záznam] 
260 |a [S.l.] :  |b Naxos Rights International,  |c p2008 
300 |a 1 zvuková deska (80:04) :  |b digital ;  |c 12 cm +  |e 1 brožura 
306 |a 002339  |a 001949  |a 001558  |a 002016 
500 |a MZK věnoval Bruno Meier 
500 |a Kompaktní deska (DDD) 
505 0 0 |t Koncert pro flétnu a orchestr č. 2 d mol (23:09) l --  |t Koncert pro flétnu a orchestr č. 1 d moll (19:49) /  |r Peter von Winter --  |t Koncert pro flétnu a orchestr d moll (15:58) /  |r Franz Lachner --  |t Koncert pro flétnu a orchestr Es dur (20:16) /  |r Antonio Rosetti 
511 0 |a Bruno Meier, flétna ; Jaroslav Tůma, cembalo ; Pražský komorní orchestr, Antonín Hradil, dirigent 
518 |a Nahráno ve studiu Domovina, Praha, 20.-22. září 2007 
650 0 7 |a koncerty (flétna, komorní orchestr)  |7 ph463471  |2 czenas 
655 7 |a kompaktní desky  |7 fd201991  |2 czenas 
700 1 |a Meier, Bruno,  |d 1949-  |7 xx0106979  |4 itr 
700 1 |a Tůma, Jaroslav,  |d 1956-  |7 jn19981002265  |4 itr 
700 1 2 |a Winter, Peter von,  |d 1754-1825.  |t Koncerty,  |m flétna, orchestr,  |n č. 2,  |r d moll 
700 1 2 |a Winter, Peter von,  |d 1754-1825.  |t Koncerty,  |m flétna, orchestr,  |n č. 1,  |r d moll 
700 1 2 |a Lachner, Franz Paul,  |d 1803-1890.  |t Koncerty,  |m flétna, orchestr,  |r d moll 
700 1 2 |a Rosetti, Antonio,  |d 1750-1792.  |t Koncerty,  |m flétna, orchestr,  |r B dur 
700 1 |a Hradil, Antonín  |7 mzk2010565170  |4 cnd 
710 2 |a Pražský komorní orchestr  |7 kn20010710282 
910 |a BOA001  |b CD-0015.248 
990 |a AV 
991 |b 200905 
996 6 |b 261H016917  |c CD-0015.248  |l MZK  |r Sklad / do 24 hodin  |n 0  |w 000935788  |u 000010  |a 1  |e BOA001  |j MZK50  |s P